Hivatalos tudósitás : Homonna nagyközség elöljáróságától...
Texty listov a poďakovaní od vojenského zásobovacieho oddielu z Košíc, ktorý cez Humenné sa presúval do Przemysle (PL). V Humennom bolo o útvar dobre postarané. Datované 9. augusta 1914 a evidované pod číslom 2465/1914.
| Hlavný autor: | |
|---|---|
| Médium: | Článok |
| Jazyk: | Hungarian |
| Témy: | |
| Zdroj: |
1. Felvidéki Hirlap 1. Roč. 7, č. 31 (16.08.1914) s. 3 |
| LEADER | 01114nab#a2200337#ar4500 | ||
|---|---|---|---|
| 001 | 000074582 | ||
| 003 | SVKKK | ||
| 005 | 20050120xxxxxxx. | ||
| 008 | 06 c xo huno | ||
| FMT | |||
| 038 | |a SVKKK | ||
| 040 | |a SVKKK |b slo |e AACR2 | ||
| 041 | 0 | |a hun | |
| 044 | |a xo |c SK | ||
| 080 | |a 352:355/359 | ||
| 100 | 0 | |a Az előljárosság |4 aut | |
| 242 | 1 | 0 | |a Údadný oznam |
| 245 | 1 | 0 | |a Hivatalos tudósitás : |b Homonna nagyközség elöljáróságától... |c Az előljárosság |
| 500 | |a mikrofilm | ||
| 520 | 2 | |a Texty listov a poďakovaní od vojenského zásobovacieho oddielu z Košíc, ktorý cez Humenné sa presúval do Przemysle (PL). V Humennom bolo o útvar dobre postarané. Datované 9. augusta 1914 a evidované pod číslom 2465/1914. | |
| 650 | 0 | 4 | |a vojsko - presun zásobovacích oddielov - Košice - Humenné - 9.08.1914 - texty |
| 773 | 0 | |t Felvidéki Hirlap |g Roč. 7, č. 31 (16.08.1914) s. 3 | |
| 957 | |a Humenné | ||
| 957 | |a Košice | ||
| 957 | |a Przemysle (PL | ||
| 958 | |a DG | ||
| 958 | |a SK | ||
| 974 | |a Ba |d 20050120 | ||
| 992 | |a RBX | ||
| BAS | |||
| 998 | |a RETRO | ||